000 00475nam a2200193 a 4500
001 7404
003 CO-ViMGA
008 141112s2004 ck r 000 u spa d
040 _aCO-ViMGA
_bspa
_cCO-ViMGA
082 0 4 _a512.72 L584
100 1 _aLluis, Emilio
_96660
245 1 0 _aLos números complejos 6
250 _a2a
260 _aMexico :
_bTrillas,
_c1989
300 _a85 p : il
490 _aMatemáticas, 6
650 1 4 _aNUMEROS COMPLEJOS
_96661
942 _2ddc
_cBK
999 _c19361
_d19361